| 000 | 01068cam a2200337 a 4500 | ||
|---|---|---|---|
| 001 | 4482935 | ||
| 003 | OSt | ||
| 005 | 20140310182238.0 | ||
| 008 | 961002s1996 enk 000 1 eng d | ||
| 010 | _a 96204163 | ||
| 020 | _a0436202956 | ||
| 020 | _a0436204045 (pbk.) | ||
| 035 | _a(CtY)notisFKT0070 | ||
| 035 | _a(CStRLIN)CTYAFKT0070-B | ||
| 040 |
_aCtY _cCtY _dDLC |
||
| 042 | _alccopycat | ||
| 050 | 0 | 0 |
_aPR 6069.H345 _b.Sh532 1996 |
| 082 | 0 | 0 |
_aFIC _bSh1m 1996 |
| 100 | 1 |
_aSharpe, Tom, _d1928- _918790 |
|
| 245 | 1 | 4 |
_aThe midden / _cTom Sharpe. |
| 260 |
_aLondon : _bSecker & Warburg, _c1996. |
||
| 300 |
_a244 p. : _c25 cm. |
||
| 650 | 0 |
_aUpper class _xFiction. _918791 |
|
| 650 | 0 |
_aPolice corruption _xFiction. _918792 |
|
| 651 | 0 |
_aEngland _xFiction. _918793 |
|
| 655 | 7 |
_aHumorous stories. _2gsafd _95365 |
|
| 906 |
_a7 _bcbc _ccopycat _d3 _encip _f19 _gy-gencatlg |
||
| 942 |
_2lcc _cBK-FIC |
||
| 999 |
_c11069 _d11069 |
||